00617nam a2200157 a 450000100100000000500170001000800410002704000250006808200150009310000240010824500420013226000670017430000290024195201720027099900170044200003338920200930070226.0110825s1959 dr c 000 0 spa d aDO-SdBNPbspacBNPHU axxxxbC2921 aCaro, Nestor92867010aJusticia y democracia /cNestor Caro. aCiudad Trujillo, República Dominicana :bLa Nación,c1959. a63 p. :bretr. ;c24 cm. 001050718RVaPDbPDcCTd2011-08-25iLF1l0oxxxx C292p33389-10r2020-06-25w2020-06-25y1zPerteneció a la biblioteca personal de Martínez Boog.ZNo se presta c32880d32880